Dom Helder Revista de Direito

Detalles Bibliográficos
Formato: eBook
Lenguaje:portugués
Publicado: Belo Horizonte: Escola Superior Dom Helder Cm̀ara, 2018 -
Materias:
Acceso en línea:Acceso restringido

MARC

LEADER 00000nam a22000007a 4500
005 20191010225438.0
007 cr|||| ||||
008 191010c20189999br fr|w s|||| 0|||b1por d
022 |a 2596-0601 
035 |a 30567 
040 |a vLex 
090 |c 9779  |d 9779 
245 0 0 |a Dom Helder Revista de Direito  |h [Recurso electrn̤ico] / 
256 |a Servicio en ln̕ea 
260 |a Belo Horizonte:  |b Escola Superior Dom Helder Cm̀ara,  |c 2018 - 
300 |a Servicio en ln̕ea 
310 |a Semestral 
362 |a Nð 1 (Sep. 2018) - 
506 1 |a Disponible solo en los productos indicados  |d vLex Global  |d vLex Global (Academic Edition, excluding Law Schools)  |d vLex Global (U.S. Academic Edition, Law Schools)  |d vLex Global (U.S. Academic Edition, excluding Law Schools)  |d vLex Global (Academic Edition, Law Schools) 
650 0 4 |a Derecho Civil  |z Brasil 
650 0 4 |a Derecho Fiscal  |z Brasil 
650 0 4 |a Derecho Mercantil y de la Empresa  |z Brasil 
650 0 4 |a Derecho Penal  |z Brasil 
650 0 4 |a Derecho del Medio Ambiente  |z Brasil 
740 0 |a vLex Revistas (Servicio en ln̕ea) 
856 4 0 |u http://vlex.com/source/dom-helder-revista-direito-30567  |z Acceso restringido 
942 |c REV 
999 0 |a Civil Law 
999 0 |a Tax Law 
999 0 |a Commercial and Business Law 
999 0 |a Criminal Law 
999 0 |a Environmental Law